000 01077nam a22003257a 4500
003 CHAP
005 20220817042835.0
008 971013s1984 r 10010 d
010 _a57380
011 _a58352
035 _a62507
040 _cCHAP
082 _a631.43
_bS5
111 0 0 _aSymposium on Water and Solute Movement in Heavy Clay Soils. (
_d1984
_c: Wageningen)
_9111130
245 _aProceedigns
260 _aWageningen :
_bInternational Institute for Land Reclamation and Improvement,
_c1984
300 _a363 p.
_b: ilus. ; gráfs.
490 _aILRI publication
_v; 37
590 _aBATCH-UPD
_b10
_c20130110
_lUCH01
_h0722
590 _aBATCH-UPD
_b10
_c20130110
_lUCH01
_h2331
590 _aCONVERSION
_b10
_c20130109
_lUCH01
_h1331
650 1 4 _aSuelos arcillosos.
_9110534
650 1 4 _aSuelos
_xMovimiento del agua.
_9110446
700 0 _aBouma, J.
_914763
700 0 _aRaats, P. A. C.
_993616
830 0 _aILRI publication
_v; 37
901 _aBK
942 _cLIBRO
949 _a631.43 S5
_bBC
_cLIBRO
_d33724000070405
_eLIBRO
_gI.130086
_h68480
_i62507
_si
999 _c57380
_d57380